Normal view MARC view
  • Дагдан, Л

Entry Personal Name

Number of records used in: 0

001 - CONTROL NUMBER

  • control field: 68090

003 - CONTROL NUMBER IDENTIFIER

  • control field: OSt

005 - DATE AND TIME OF LATEST TRANSACTION

  • control field: 20260103040614.0

008 - FIXED-LENGTH DATA ELEMENTS

  • fixed length control field: 260103|| aca||aabn | a|a d

040 ## - CATALOGING SOURCE

  • Original cataloging agency: OSt
  • Transcribing agency: OSt

100 ## - HEADING--PERSONAL NAME

  • Personal name: Дагдан, Л

670 ## - SOURCE DATA FOUND

  • Source citation: Work cat.: (OSt)1006: Гүн ухааны товчоо: